Central Library OPAC University of Rajshahi

The mystical element in the metaphysical poets of the seventeenth century / (Record no. 18087)

MARC details
000 -LEADER
fixed length control field 00932cam a22002771 4500
001 - CONTROL NUMBER
control field 18087
003 - CONTROL NUMBER IDENTIFIER
rucl marc code BD-RjUL
005 - DATE AND TIME OF LATEST TRANSACTION
control field 20211209000233.0
008 - FIXED-LENGTH DATA ELEMENTS--GENERAL INFORMATION
fixed length control field 140219s1948 stk b 001 0 eng
035 ## - SYSTEM CONTROL NUMBER
System control number (BD-RjUL)18145
System control number (OCoLC)1510612
040 ## - CATALOGING SOURCE
Original cataloging agency DLC
Transcribing agency MSohG
Modifying agency OCoLC
-- DLC
-- BD-RjUL
Language of cataloging eng
041 ## - LANGUAGE CODE
Language code of text/sound track or separate title eng
082 00 - DEWEY DECIMAL CLASSIFICATION NUMBER
Classification number 821.309
Author mark and year ITM 1948
100 1# - MAIN ENTRY--PERSONAL NAME
Personal name Itrat-Husain,
9 (RLIN) 55749
245 14 - TITLE STATEMENT
Title The mystical element in the metaphysical poets of the seventeenth century /
Statement of responsibility, etc. Itrat-Husain.
260 ## - PUBLICATION, DISTRIBUTION, ETC. (IMPRINT)
Place of publication, distribution, etc. Edinburgh :
Name of publisher, distributor, etc. Oliver and Boyd,
Date of publication, distribution, etc. 1948.
300 ## - PHYSICAL DESCRIPTION
Pagination 351 p. ;
Size 23 cm.
504 ## - BIBLIOGRAPHY, ETC. NOTE
Bibliography, etc Bibliography: p. 305-345 and index.
650 #0 - SUBJECT ADDED ENTRY--TOPICAL TERM
Topical term or geographic name as entry element English poetry
Chronological subdivision Early modern, 1500-1700
General subdivision History and criticism.
9 (RLIN) 4392
Topical term or geographic name as entry element Metaphysics in literature.
9 (RLIN) 4157
Topical term or geographic name as entry element Mysticism in literature.
9 (RLIN) 54103
651 #0 - SUBJECT ADDED ENTRY--GEOGRAPHIC NAME
Geographic name Great Britain
General subdivision Intellectual life
Chronological subdivision 17th century.
9 (RLIN) 55006
942 ## - ADDED ENTRY ELEMENTS (KOHA)
Source of classification or shelving scheme Dewey Decimal Classification
Koha item type Books
Holdings
Lost status Source of classification or shelving scheme Damaged status Not for loan Collection code Permanent Location Current Location Shelving location Date acquired Source of acquisition Cost, normal purchase price Total Checkouts Full call number Date last seen Copy number Koha item type
  Dewey Decimal Classification     Non-fiction Central Library, University of Rajshahi Central Library, University of Rajshahi   04/10/1955 B.H.Black Well 1.45   821.309 ITM 1948 19/02/2014 C-2 Books
  Dewey Decimal Classification   Not For Loan Non-fiction Central Library, University of Rajshahi Central Library, University of Rajshahi Reading Room 04/10/1955   45.00   821.309 ITM 1948 06/03/2017 C-1 Books
  Dewey Decimal Classification     Non-fiction Central Library, University of Rajshahi Central Library, University of Rajshahi   04/10/1955 B.H. Blackwell 1.00   821.309 ITM 1948 15/01/2020 C-3 Books